عرض عادي
عرض مارك
- Williams, Jessica,
مدخل إسم شخص
001 - رقم الضبط
- حقل الضبط: 52379
003 - معرف رقم الضبط
- حقل الضبط: OSt
005 - تاريخ ووقت أخر عملية
- حقل الضبط: 20151014091718.0
008 - عناصر بيانات ثابتة الطول
- حقل تحكم ثابت الطول: 151014|| aca||aabn | a|a d
040 ## - مصدر الفهرسة
- هيئة الفهرسة الأصلية: OSt
- وكالة الكتابة: OSt
100 ## - مدخل -- أسم شخص
- إسم شخص: Williams, Jessica,
- تواريخ مرتبطة بالاسم: 1957-
670 ## - بيانات المصدر موجوده
- الاستشهاد بالمصدر: Work cat.: (OSt)0: Williams, Jessica, 1957-, Headway Academic Skills :, 2007.
